00870nam a22001097a 4500008004100000100001700041245005800058260001200116300003000128520059000158773001200748231005b ||||| |||| 00| 0 eng d aKaur, Raneet aProtecting the interests of consumers and businesses  aYojana  a67(9), Sep, 2023: p.37-41 aComp0etition plays a crucial role in shaping how businesses operate and interact with each other. It creates an environment where businesses are constantly pushed to improve, innovate, and meet consumer needs effectively. The competition, act, with CCI as its working arm not only regulates markets but also facilitates fair competition and a level playing field for businesses. While the competition low doesn’t explicitly address consumer rights, it prioritizes consumers’ interests by fostering a markets free from anti-competitive forces and abuse of dominance. – Reproduced  aYojana